| 000 | 00647cam a2200241 4500 | ||
|---|---|---|---|
| 001 | M1243 | ||
| 008 | 090401t1993 xxu||||| |||| 00| 0 eng d | ||
| 035 | _a(Sirsi) u30735 | ||
| 041 | _aeng | ||
| 050 | _a690.0208 | ||
| 110 | _aCERCI | ||
| 245 | 2 | _aA Guide to audio-visual material for the construction industry. | |
| 260 |
_aLondon _bCERCI Communications _c1993 |
||
| 300 | _a82p. ; 30cm. | ||
| 350 | _a19.5 | ||
| 650 | _aBUILDING INDUSTRY | ||
| 650 | _aCATALOGUES | ||
| 650 | _aCENTRE FOR EDUCATIONAL RESOURCES FOR THE CONSTRUCTION INDUSTRY | ||
| 650 | _aVIDEOS | ||
| 690 | _aBUILT ENVIRONMENT | ||
| 942 | _n0 | ||
| 948 | _c04/03/1997 | ||
| 999 |
_c89506 _d89506 |
||